[Event "55th World U20 ch"]
[Site "Bhubaneswar IND"]
[Date "2016.08.20"]
[Round "12.13"]
[White "Wagner, Dennis"]
[Black "Pirverdiev, Agil"]
[Result "1-0"]
[WhiteElo "2572"]
[BlackElo "2364"]
[EventDate "2016.08.08"]
[PlyCount "77"]

1.d4 Nf6 2.c4 e6 3.g3 d5 4.Bg2 Be7 5.Nf3 O-O 6.O-O b6 7.cxd5 exd5 8.Nc3 
Bb7 9.Bf4 Na6 10.Rc1 Ne4 11.Nxe4 dxe4 12.Nd2 Qxd4 13.Nxe4 Qxb2 14.Rb1 Qa3 
15.Bc1 Qa5 16.Bd2 Bb4 17.Rxb4 Nxb4 18.Qb1 Qxa2 19.Qxb4 Bxe4 20.Bxe4 c5 21.
Qc3 Rad8 22.Bg5 Rd4 23.Bd3 Qd5 24.Be3 Rb4 25.Bd2 Ra4 26.Bc1 Kh8 27.Bb2 f6 
28.Bb1 b5 29.Qc2 g6 30.Rd1 Qc6 31.h4 Kg7 32.h5 Rg4 33.Qd2 Qe6 34.h6+ Kg8 
35.e4 Rg5 36.e5 Rh5 37.Be4 Rxe5 38.Bxe5 Qxe5 39.Qa2+ 1-0

[Event "55th World U20 ch"]
[Site "Bhubaneswar IND"]
[Date "2016.08.20"]
[Round "12.14"]
[White "Gholami, Aryan"]
[Black "Rydstrom, Tom"]
[Result "1/2-1/2"]
[WhiteElo "2461"]
[BlackElo "2315"]
[EventDate "2016.08.08"]
[PlyCount "90"]

1.c4 c6 2.Nc3 d5 3.d4 Nf6 4.Nf3 e6 5.e3 Nbd7 6.Qc2 Bd6 7.b3 O-O 8.Bb2 b6 
9.Bd3 Bb7 10.O-O Qe7 11.e4 dxe4 12.Nxe4 Nxe4 13.Bxe4 Nf6 14.Bd3 h6 15.Rfe1
Rad8 16.Rad1 Rfe8 17.h3 Qf8 18.Qe2 c5 19.Bb1 cxd4 20.Nxd4 Bb4 21.Rf1 Bc5 
22.Nb5 a6 23.Nc3 Ba3 24.Ba1 Qe7 25.Na4 Qc7 26.Qe3 Qc6 27.f3 b5 28.cxb5 
axb5 29.Bxf6 bxa4 30.Rc1 Bxc1 31.Rxc1 Qxc1+ 32.Qxc1 gxf6 33.Kh2 Kg7 34.Qc7
Bd5 35.Qg3+ Kf8 36.bxa4 Rb8 37.Bd3 Red8 38.Bb5 Bxa2 39.Qf4 Kg7 40.Qg3+ Kf8
41.Qf4 Kg7 42.Qg3+ Kf8 43.Qh4 Kg7 44.Qg4+ Kf8 45.Qb4+ Kg7 1/2-1/2

[Event "55th World U20 ch"]
[Site "Bhubaneswar IND"]
[Date "2016.08.20"]
[Round "12.15"]
[White "Rajdeep, Sarkar"]
[Black "Beradze, Irakli"]
[Result "1-0"]
[WhiteElo "2351"]
[BlackElo "2440"]
[EventDate "2016.08.08"]
[PlyCount "89"]

1.d4 Nf6 2.Nf3 d5 3.g3 Bf5 4.Bg2 e6 5.O-O Be7 6.c4 Nbd7 7.Nc3 c6 8.Nh4 Bg4
9.h3 Bh5 10.g4 Bg6 11.Nxg6 hxg6 12.Qd3 Qc7 13.Rd1 Rd8 14.e4 dxe4 15.Nxe4 
Nc5 16.Nxc5 Bxc5 17.Be3 O-O 18.Qe2 Bd6 19.Qf3 Nd7 20.Rac1 Rfe8 21.h4 Qa5 
22.a3 e5 23.d5 c5 24.g5 b5 25.h5 e4 26.Qh3 gxh5 27.Qxh5 Ne5 28.b4 cxb4 29.
c5 Bf8 30.axb4 Qxb4 31.Rd4 Qb3 32.Rxe4 g6 33.Qd1 Qa2 34.d6 Nc4 35.Rxe8 
Rxe8 36.d7 Rd8 37.c6 Nxe3 38.fxe3 Qa3 39.c7 Qxe3+ 40.Kh1 Rxd7 41.Qg1 Qxg5 
42.c8=Q Rd2 43.Rf1 a5 44.Qh2 Rd8 45.Qcc7 1-0

[Event "55th World U20 ch"]
[Site "Bhubaneswar IND"]
[Date "2016.08.20"]
[Round "12.16"]
[White "Visakh, N. R."]
[Black "Srijit, Paul"]
[Result "0-1"]
[WhiteElo "2431"]
[BlackElo "2217"]
[EventDate "2016.08.08"]
[PlyCount "112"]

1.e4 c5 2.Nf3 e6 3.d4 cxd4 4.Nxd4 Nc6 5.Nc3 a6 6.g3 Qc7 7.Bg2 Nf6 8.O-O 
Nxd4 9.Qxd4 Bc5 10.Qd3 h5 11.Bf4 d6 12.Rad1 e5 13.Be3 Be6 14.Bxc5 dxc5 15.
Nd5 Bxd5 16.exd5 Qd6 17.a4 O-O 18.a5 Rfe8 19.Rfe1 Re7 20.Qc4 Ne8 21.c3 Rc8
22.b4 Rcc7 23.b5 axb5 24.Qxb5 c4 25.Rb1 f5 26.Rb4 Qf6 27.Qa4 Nd6 28.Rb6 e4
29.Qa3 Rcd7 30.Bf1 f4 31.Bh3 e3 32.fxe3 fxg3 33.Qb2 Qh4 34.Kg2 gxh2 35.Qf2
Qxf2+ 36.Kxf2 Ne4+ 37.Kg2 Rxd5 38.Kxh2 Rd2+ 39.Kg1 Re5 40.Rg6 Rxa5 41.Bf1 
Ng5 42.Re2 Rd1 43.Rg2 Rf5 44.R2xg5 Rdxf1+ 45.Kg2 R1f2+ 46.Kg1 Rxg5+ 47.
Rxg5 Rc2 48.Rxh5 Rxc3 49.Kf2 Rb3 50.Rc5 b5 51.Kf3 c3 52.e4 b4 53.Kf4 Rb2 
54.e5 Re2 55.Kf5 c2 56.e6 b3 0-1

[Event "55th World U20 ch"]
[Site "Bhubaneswar IND"]
[Date "2016.08.20"]
[Round "12.17"]
[White "Praggnanandhaa, R."]
[Black "Harsha, Bharathakoti"]
[Result "1/2-1/2"]
[WhiteElo "2429"]
[BlackElo "2344"]
[EventDate "2016.08.08"]
[PlyCount "86"]

1.e4 e6 2.d4 d5 3.Nc3 Bb4 4.exd5 exd5 5.Bd3 Nc6 6.a3 Bxc3+ 7.bxc3 Nge7 8.
Qf3 Be6 9.Rb1 b6 10.Ne2 Qd7 11.Nf4 O-O 12.Nxe6 fxe6 13.Qh3 Ng6 14.O-O Qd6 
15.f4 Nce7 16.g4 Rf7 17.f5 exf5 18.gxf5 Nh8 19.Bg5 Raf8 20.Rbe1 Qd7 21.Re6
h6 22.Be3 Rf6 23.Kg2 c6 24.a4 a5 25.Re5 Nf7 26.Re6 Nd6 27.Rxf6 Rxf6 28.Bf4
Ne4 29.Be5 Rxf5 30.Rxf5 Nxf5 31.c4 Qf7 32.cxd5 cxd5 33.Kg1 Qg6+ 34.Qg2 
Qxg2+ 35.Kxg2 Nfd6 36.Kf3 Kf7 37.Kf4 Ke6 38.c4 Nf6 39.cxd5+ Kxd5 40.Bc2 
Ke6 41.Kf3 Nd5 42.Bb3 g5 43.h3 h5 1/2-1/2

[Event "55th World U20 ch"]
[Site "Bhubaneswar IND"]
[Date "2016.08.20"]
[Round "12.18"]
[White "Rakesh, Kumar Jena"]
[Black "Mousavi, Seyed Khalil"]
[Result "0-1"]
[WhiteElo "2161"]
[BlackElo "2422"]
[EventDate "2016.08.08"]
[PlyCount "73"]

1.Nf3 c5 2.e4 e6 3.b3 b6 4.Bb2 Bb7 5.Nc3 Nc6 6.d4 cxd4 7.Nxd4 Nf6 8.Nxc6 
Bxc6 9.Bd3 Bb4 10.O-O Qb8 11.Qe2 Bd6 12.h3 Be5 13.Nd1 b5 14.Nc3 O-O 15.f4 
Bd4+ 16.Kh1 e5 17.fxe5 Bxe5 18.Rae1 Re8 19.Qf3 Qb7 20.Ba1 d6 21.Nd5 Bxa1 
22.Rxa1 Nxd5 23.exd5 Bxd5 24.Qg3 Re5 25.c4 bxc4 26.bxc4 Bc6 27.Rab1 Qe7 
28.Rfe1 g6 29.Rxe5 Qxe5 30.Qf2 Re8 31.Qxa7 Qg3 32.Bf1 Re2 33.Qg1 Rxa2 34.
Qh2 Qf2 35.Qg1 Qd2 36.Rb8+ Kg7 37.Rb3 0-1

[Event "55th World U20 ch"]
[Site "Bhubaneswar IND"]
[Date "2016.08.20"]
[Round "12.19"]
[White "Grandadam, Patrik"]
[Black "Martins, David Pires Tavares"]
[Result "1/2-1/2"]
[WhiteElo "2325"]
[BlackElo "2402"]
[EventDate "2016.08.08"]
[PlyCount "164"]

1.d4 e6 2.c4 f5 3.Nf3 Nf6 4.Nc3 d5 5.Qc2 c6 6.cxd5 exd5 7.Bg5 Be7 8.e3 O-O
9.Bxf6 Rxf6 10.O-O-O a5 11.Ne5 b5 12.Kb1 Na6 13.f4 a4 14.h3 Qe8 15.Rc1 Bd7
16.Ne2 b4 17.Qxa4 Nc5 18.Qc2 Ne4 19.g4 Rxa2 20.Kxa2 Qa8+ 21.Kb1 b3 22.Qxb3
Nd2+ 23.Kc2 Nxb3 24.Kxb3 Be8 25.Nc3 c5 26.Bg2 Rb6+ 27.Kc2 Ba4+ 28.Nxa4 
Qxa4+ 29.Kb1 Qb3 30.Rc2 cxd4 31.Rd1 h6 32.Rd3 Qb4 33.Bxd5+ Kh7 34.exd4 
Qe1+ 35.Rc1 Qf2 36.Nc4 Rb4 37.gxf5 Bf6 38.Bf7 Bxd4 39.Rd2 Qxf4 40.Bg6+ Kg8
41.Re1 Rb8 42.Rde2 Rf8 43.Re8 Bc5 44.R1e4 Qf1+ 45.Ka2 Qd1 46.Ne3 Qd7 47.
Rxf8+ Bxf8 48.Re8 Qa4+ 49.Kb1 Qb3 50.h4 h5 51.Bxh5 g6 52.Bxg6 Kg7 53.Nc2 
Qd5 54.h5 Bd6 55.f6+ Kxf6 56.Re1 Kg7 57.Ne3 Qa5 58.Rd1 Bf4 59.Rd7+ Kh6 60.
Nd1 Qa4 61.Rd3 Qc4 62.Rc3 Qe2 63.Rd3 Bd2 64.Kc2 Bg5+ 65.Kb1 Bf4 66.Nc3 
Qe1+ 67.Nd1 Bg5 68.Rd7 Bf6 69.Rd3 Qe2 70.Kc1 Qe5 71.Kb1 Qc7 72.Rb3 Bg5 73.
Rc3 Qf4 74.Ne3 Kg7 75.Nf5+ Kf6 76.Ne3 Ke6 77.Bf5+ Kd6 78.Bg6 Bf6 79.Rd3+ 
Kc6 80.Be8+ Kb7 81.Bg6 Bd4 82.Nd1 Kb6 1/2-1/2

[Event "55th World U20 ch"]
[Site "Bhubaneswar IND"]
[Date "2016.08.20"]
[Round "12.20"]
[White "Rahul Srivatshav, P."]
[Black "Alexeenko, Kiril"]
[Result "0-1"]
[WhiteElo "2280"]
[BlackElo "2582"]
[EventDate "2016.08.08"]
[PlyCount "64"]

1.d4 d5 2.c4 dxc4 3.e3 b5 4.a4 b4 5.Qf3 c6 6.Nd2 Nf6 7.Nxc4 e6 8.Bd3 Be7 
9.Ne2 Bb7 10.b3 Nbd7 11.Qg3 c5 12.Nd6+ Bxd6 13.Qxd6 Bxg2 14.Rg1 Be4 15.
Bxe4 Nxe4 16.Qf4 f5 17.Rxg7 Qf6 18.Rg1 cxd4 19.Nxd4 Ne5 20.Ke2 Rc8 21.Bb2 
Ng6 22.Qf3 O-O 23.Rac1 Rxc1 24.Rxc1 e5 25.Nc6 Qd6 26.Rc2 Nc3+ 27.Bxc3 e4 
28.Qg3 Qd3+ 29.Ke1 Qxc2 30.Bxb4 Qxc6 31.Bxf8 Qc1+ 32.Ke2 f4 0-1

[Event "55th World U20 ch"]
[Site "Bhubaneswar IND"]
[Date "2016.08.20"]
[Round "12.21"]
[White "Shailesh, Dravid"]
[Black "Studer, Noel"]
[Result "1-0"]
[WhiteElo "2224"]
[BlackElo "2477"]
[EventDate "2016.08.08"]
[PlyCount "85"]

1.Nf3 d5 2.e3 Nf6 3.c4 e6 4.b3 Nbd7 5.Bb2 Bd6 6.Be2 b6 7.Nc3 a6 8.O-O Bb7 
9.Rc1 O-O 10.d3 Qe7 11.Qc2 Rac8 12.cxd5 exd5 13.d4 Ne4 14.Bd3 f5 15.Ne2 g5
16.Ng3 g4 17.Nd2 Rf6 18.Rfe1 Bb4 19.Re2 Bd6 20.Ndf1 Rcf8 21.f3 Nxg3 22.
Nxg3 Qf7 23.Rf1 f4 24.exf4 Bxf4 25.Bc1 c5 26.Ref2 Bxc1 27.Qxc1 Kh8 28.Qb2 
gxf3 29.Rxf3 Rxf3 30.Rxf3 Qg7 31.Nf5 Qf6 32.Nd6 Qg7 33.Rxf8+ Nxf8 34.Nxb7 
Qxb7 35.dxc5+ Kg8 36.Qd4 bxc5 37.Qxc5 Ne6 38.Qe3 Qc6 39.h4 Qd6 40.g3 Nf8 
41.Kg2 Nd7 42.Qg5+ Kf8 43.Qd8+ 1-0

[Event "55th World U20 ch"]
[Site "Bhubaneswar IND"]
[Date "2016.08.20"]
[Round "12.22"]
[White "Papakonstantinou, Dimitrios"]
[Black "Beukema, Stefan"]
[Result "1/2-1/2"]
[WhiteElo "2180"]
[BlackElo "2380"]
[EventDate "2016.08.08"]
[PlyCount "90"]

1.e4 e5 2.Nf3 Nc6 3.Bb5 a6 4.Ba4 Nf6 5.O-O Be7 6.Re1 b5 7.Bb3 d6 8.c3 O-O 
9.d4 Bg4 10.d5 Na5 11.Bc2 c5 12.Nbd2 g6 13.b4 Nb7 14.a4 Nh5 15.Nf1 Qc7 16.
Bh6 Rfc8 17.Ne3 Bd7 18.a5 f6 19.Nh4 Nd8 20.Nhf5 Be8 21.bxc5 gxf5 22.Nxf5 
Bg6 23.c6 Nf7 24.Be3 Qd8 25.g3 Qf8 26.Qe2 Bd8 27.Reb1 Bc7 28.c4 bxc4 29.
Qxc4 Ng7 30.Rb6 Ng5 31.Kg2 Nxe4 32.Nxg7 Qxg7 33.Bxe4 f5 34.Bc2 f4 35.Bd2 
f3+ 36.Kh1 Bxc2 37.Qxc2 Bxb6 38.axb6 Rab8 39.Rb1 Qg4 40.Qd3 Rxb6 41.Rc1 
Rb5 42.Be3 Qg6 43.Qc4 e4 44.g4 Qe8 45.Qd4 Qf7 1/2-1/2

[Event "55th World U20 ch"]
[Site "Bhubaneswar IND"]
[Date "2016.08.20"]
[Round "12.23"]
[White "Lokander, Martin"]
[Black "Sammed Jaykumar, Shete"]
[Result "1-0"]
[WhiteElo "2365"]
[BlackElo "2253"]
[EventDate "2016.08.08"]
[PlyCount "85"]

1.d4 Nf6 2.c4 g6 3.Nc3 Bg7 4.e4 d6 5.Nf3 O-O 6.Be2 e5 7.d5 a5 8.Bg5 h6 9.
Be3 Ng4 10.Bd2 f5 11.h3 Nf6 12.exf5 gxf5 13.Qc1 Kh7 14.g4 Na6 15.gxf5 Nc5 
16.Rg1 Ng8 17.Be3 Bxf5 18.Qd2 b6 19.O-O-O Qf6 20.h4 Kh8 21.Rg3 Bh7 22.Rdg1
Rf7 23.Ng5 hxg5 24.hxg5 Qg6 25.Bxc5 bxc5 26.Bd3 Qh5 27.Bxh7 Raf8 28.Qd3 
Rf3 29.Rxf3 Rxf3 30.Qe4 Ne7 31.Rg4 Rh3 32.Bf5 Rh1+ 33.Kc2 Rh2 34.Kb3 Nxf5 
35.Qxf5 Rxf2 36.Qc8+ Kh7 37.Rg3 Rxb2+ 38.Ka3 Rh2 39.g6+ Kh6 40.Qg8 Qxg6 
41.Rxg6+ Kxg6 42.Qe6+ Kh7 43.Ne4 1-0

[Event "55th World U20 ch"]
[Site "Bhubaneswar IND"]
[Date "2016.08.20"]
[Round "12.24"]
[White "Yogit, S."]
[Black "Nihal, Sarin"]
[Result "0-1"]
[WhiteElo "2270"]
[BlackElo "2358"]
[EventDate "2016.08.08"]
[PlyCount "94"]

1.e4 e6 2.d4 d5 3.Nc3 Bb4 4.e5 c5 5.a3 Bxc3+ 6.bxc3 Qc7 7.Qg4 f6 8.Nf3 c4 
9.Qg3 Qf7 10.h4 h5 11.a4 Nc6 12.Ba3 Nge7 13.Bxe7 Nxe7 14.Qf4 Qg6 15.Qd2 
O-O 16.exf6 gxf6 17.Be2 Bd7 18.O-O Nf5 19.a5 Rf7 20.Qf4 Kh7 21.Rfb1 Bc6 
22.Re1 Re8 23.g3 Qh6 24.Qxh6+ Kxh6 25.Bf1 Nd6 26.Re3 Rfe7 27.Bh3 Kg6 28.
Rae1 Ne4 29.R1e2 Kf7 30.Kh2 b6 31.axb6 axb6 32.Ne1 Nd6 33.g4 e5 34.g5 exd4
35.Rxe7+ Rxe7 36.Rxe7+ Kxe7 37.cxd4 b5 38.Nf3 b4 39.gxf6+ Kxf6 40.Ne5 b3 
41.cxb3 cxb3 42.Bf1 Bb5 43.Bd3 Bxd3 44.Nxd3 Nc4 45.Nf4 Nb6 46.Nd3 Na4 47.
Nf4 b2 0-1

[Event "55th World U20 ch"]
[Site "Bhubaneswar IND"]
[Date "2016.08.20"]
[Round "12.25"]
[White "Tran Minh Thang"]
[Black "Ivic, Velimir"]
[Result "1/2-1/2"]
[WhiteElo "2353"]
[BlackElo "2270"]
[EventDate "2016.08.08"]
[PlyCount "79"]

1.d4 Nf6 2.Bf4 c5 3.e3 d5 4.dxc5 Nc6 5.Nc3 e5 6.Bg5 Be6 7.Bxf6 gxf6 8.Na4 
Bxc5 9.Nxc5 Qa5+ 10.c3 Qxc5 11.Nf3 O-O-O 12.Be2 Rhg8 13.g3 d4 14.exd4 exd4
15.cxd4 Nxd4 16.Qc1 Nc2+ 17.Kf1 Bh3+ 18.Kg1 Qc6 19.Bb5 Qxf3 20.Qxc2+ Kb8 
21.Bf1 Bxf1 22.Rxf1 Rd3 23.Rc1 a6 24.Qc7+ Ka8 25.h4 Rgd8 26.Rf1 Rd2 27.b4 
R8d5 28.Qb6 Rd6 29.Qc5 Rc6 30.Qf8+ Ka7 31.Rh2 Rcd6 32.Rg2 Rd1 33.Rxd1 
Rxd1+ 34.Kh2 Rc1 35.Qxf7 Qd1 36.Kh3 Qh1+ 37.Rh2 Qf1+ 38.Rg2 Qh1+ 39.Rh2 
Qf1+ 40.Rg2 1/2-1/2

[Event "55th World U20 ch"]
[Site "Bhubaneswar IND"]
[Date "2016.08.20"]
[Round "12.26"]
[White "Fan Huifeng"]
[Black "Belous, Mikhail"]
[Result "1/2-1/2"]
[WhiteElo "2223"]
[BlackElo "2343"]
[EventDate "2016.08.08"]
[PlyCount "88"]

1.e4 c5 2.Nf3 d6 3.d4 cxd4 4.Nxd4 Nf6 5.Nc3 a6 6.h3 e5 7.Nde2 h5 8.g3 Be6 
9.Bg2 Nbd7 10.O-O Be7 11.Be3 Rc8 12.b3 b5 13.a3 Nb6 14.Qd2 d5 15.Bxb6 Qxb6
16.Nxd5 Nxd5 17.exd5 Bd7 18.Nc3 f5 19.Na2 h4 20.Rae1 e4 21.g4 O-O 22.Kh1 
Bxa3 23.b4 fxg4 24.Re3 gxh3 25.Bxe4 Rce8 26.Qe2 Rf4 27.Rg1 h2 28.Rg6 Qd4 
29.c3 Qa7 30.Rg5 Qb6 31.Bh7+ Kxh7 32.Rxe8 Bxe8 33.Qxe8 Rf6 34.Rh5+ Rh6 35.
Qe4+ Kg8 36.Rxh6 Qxh6 37.f4 Qh5 38.Kxh2 Qd1 39.Qe8+ Kh7 40.Qe4+ Kg8 41.
Qe6+ Kh7 42.d6 Qf3 43.f5 Qf2+ 44.Kh1 Qf1+ 1/2-1/2

[Event "55th World U20 ch"]
[Site "Bhubaneswar IND"]
[Date "2016.08.20"]
[Round "12.27"]
[White "Gheorghiu, Calin"]
[Black "Salles, Louis"]
[Result "0-1"]
[WhiteElo "2343"]
[BlackElo "2235"]
[EventDate "2016.08.08"]
[PlyCount "120"]

1.d4 Nf6 2.c4 g6 3.f3 c5 4.d5 d6 5.e4 Bg7 6.Ne2 O-O 7.Ng3 e6 8.Nc3 exd5 9.
cxd5 a6 10.a4 Nbd7 11.Be2 Ne8 12.O-O Rb8 13.Be3 Nc7 14.Qd2 b5 15.f4 bxa4 
16.Rxa4 Nb5 17.Nxb5 axb5 18.Ra7 Re8 19.f5 Ne5 20.fxg6 hxg6 21.Bh6 c4 22.
Kh1 Rb7 23.Ra8 Bh8 24.Bg5 f6 25.Bf4 Nf7 26.Bg4 Qc7 27.Be6 Rb8 28.Rxb8 Qxb8
29.Qd1 Rxe6 30.dxe6 Bxe6 31.Qd2 Bg7 32.Ra1 Bf8 33.Qd4 Ne5 34.Nf1 Qc8 35.
Ne3 Qc5 36.Nc2 Nd3 37.Be3 Qxd4 38.Bxd4 f5 39.exf5 Bxf5 40.Ne1 Nf4 41.Ra8 
Ne2 42.Be3 Kf7 43.Ra7+ Ke6 44.Rb7 d5 45.Nf3 b4 46.Nd4+ Nxd4 47.Bxd4 Bc2 
48.Kg1 Kf5 49.Be3 Ke4 50.Bd2 b3 51.Kf1 Bc5 52.Ke2 Bd4 53.Bc1 Bd3+ 54.Kd1 
Bf1 55.g4 Kd3 56.Re7 Bh3 57.Bg5 c3 58.bxc3 b2 59.Rb7 Bxc3 60.Rxb2 Bxb2 0-1

[Event "55th World U20 ch"]
[Site "Bhubaneswar IND"]
[Date "2016.08.20"]
[Round "12.28"]
[White "Chakravarthi Reddy, M."]
[Black "Viennot, Dylan"]
[Result "0-1"]
[WhiteElo "2228"]
[BlackElo "2342"]
[EventDate "2016.08.08"]
[PlyCount "116"]

1.d4 d5 2.c4 e6 3.Nf3 c6 4.Nc3 dxc4 5.a4 Bb4 6.g3 c5 7.Bg2 Nc6 8.Be3 Nge7 
9.O-O Nf5 10.dxc5 Nxe3 11.Qxd8+ Nxd8 12.fxe3 Bxc5 13.Nd4 Bd7 14.Ne4 Be7 
15.Nd2 Rc8 16.Rfc1 e5 17.Nb5 a6 18.Nc3 Bc5 19.Nd5 b5 20.axb5 axb5 21.b4 
Bf8 22.Ra7 Be6 23.Nc7+ Rxc7 24.Rxc7 Bxb4 25.Ne4 Ba5 26.Nd6+ Kf8 27.Nxb5 
Bxc7 28.Nxc7 Ke7 29.Bd5 Kd6 30.Bxc4 h5 31.Bd3 Bd7 32.e4 Ne6 33.Nd5 Rb8 34.
Ne3 Nd4 35.Nc4+ Ke6 36.e3 Nc6 37.Be2 g6 38.Bf1 Ke7 39.Kf2 Be6 40.Rc2 Kf6 
41.Be2 Ne7 42.Rd2 Bxc4 43.Bxc4 Rb4 44.Rc2 Kg7 45.Kf3 g5 46.h3 Ng8 47.Ke2 
Nf6 48.Kd3 Rb1 49.Rf2 Rd1+ 50.Ke2 Rc1 51.Kd3 Rc3+ 52.Kxc3 Nxe4+ 53.Kc2 
Nxf2 54.Bf1 Kf6 55.Bg2 Kf5 56.Bf3 g4 57.hxg4+ hxg4 58.Be2 Nh1 0-1

[Event "55th World U20 ch"]
[Site "Bhubaneswar IND"]
[Date "2016.08.20"]
[Round "12.30"]
[White "Taalaibekov, Tagir"]
[Black "Krishna Teja, N."]
[Result "0-1"]
[WhiteElo "2182"]
[BlackElo "2282"]
[EventDate "2016.08.08"]
[PlyCount "112"]

1.d4 Nf6 2.Nf3 e6 3.c4 b6 4.a3 c5 5.Nc3 cxd4 6.Nxd4 Bb7 7.Bf4 d6 8.Bg3 Be7
9.Ndb5 e5 10.f4 Nh5 11.fxe5 Nxg3 12.hxg3 dxe5 13.Qxd8+ Kxd8 14.O-O-O+ Nd7 
15.e4 a6 16.Nd6 Bxd6 17.Rxd6 Ke7 18.Rd1 Nc5 19.Bd3 Nb3+ 20.Kb1 Rad8 21.
Nd5+ Bxd5 22.exd5 h5 23.Ka2 Nd4 24.Rde1 Kd6 25.Ref1 f6 26.Rh4 g5 27.Rh3 
Rdf8 28.g4 h4 29.Rf2 b5 30.b3 bxc4 31.bxc4 Kc5 32.Rh1 a5 33.Rb1 h3 34.gxh3
Rxh3 35.Bf1 Rc3 36.Rb7 e4 37.Ra7 Nb3 38.Kb2 Kd4 39.Rb7 e3 40.Rc2 Rxc2+ 41.
Kxc2 Nd2 42.Be2 Nxc4 43.Rc7 Nd6 44.Re7 Rc8+ 45.Kd1 Ne4 46.Bf3 Nc3+ 47.Ke1 
Rb8 48.Kf1 Rd8 49.Re6 Nxd5 50.Bxd5 Rxd5 51.Rxf6 Kd3 52.Rg6 Kd2 53.Re6 Rd4 
54.Re8 Rf4+ 55.Kg2 e2 56.Rd8+ Ke3 0-1

[Event "55th World U20 ch"]
[Site "Bhubaneswar IND"]
[Date "2016.08.20"]
[Round "12.31"]
[White "Subramaniam, Shreyes"]
[Black "Gajwa, Ankit"]
[Result "0-1"]
[WhiteElo "1863"]
[BlackElo "2282"]
[EventDate "2016.08.08"]
[PlyCount "102"]

1.e4 e5 2.Nf3 Nc6 3.Bc4 Nf6 4.d3 Be7 5.c3 O-O 6.O-O d5 7.exd5 Nxd5 8.Re1 
Bg4 9.h3 Bh5 10.Nbd2 Nb6 11.Bb5 f6 12.a4 a6 13.Bxc6 bxc6 14.a5 Nd5 15.Ne4 
Re8 16.Ng3 Bf7 17.d4 exd4 18.Nxd4 Bf8 19.Nxc6 Rxe1+ 20.Qxe1 Qd7 21.Nd4 Nb4
22.Be3 Nd5 23.Qd2 Nxe3 24.Qxe3 Re8 25.Qf3 c5 26.Ndf5 Qb5 27.Qg4 Kh8 28.Rd1
Be6 29.Qf3 Qxa5 30.Nd6 Rd8 31.Nge4 Qc7 32.Qd3 Kg8 33.Qxa6 f5 34.Ng5 Bxd6 
35.g3 Bb3 36.Qb5 Rb8 37.Qd3 Bf8 38.c4 Bxd1 39.Qd5+ Kh8 40.Nf7+ Qxf7 41.
Qxf7 Bc2 42.Kf1 Bd3+ 43.Ke1 Rd8 44.f3 Bd6 45.Kf2 Be5 46.Qe7 Bf6 47.Qc7 h6 
48.Ke1 f4 49.Qxf4 Bxb2 50.Qc7 Bc3+ 51.Kd1 Re8 0-1

[Event "55th World U20 ch"]
[Site "Bhubaneswar IND"]
[Date "2016.08.20"]
[Round "12.32"]
[White "Ranjan Sahoo, Utkal"]
[Black "Ritviz Bhiva, Parab"]
[Result "1-0"]
[WhiteElo "2266"]
[BlackElo "2259"]
[EventDate "2016.08.08"]
[PlyCount "119"]

1.e4 e5 2.Nf3 Nc6 3.Bb5 a6 4.Ba4 Nf6 5.d3 b5 6.Bb3 Be7 7.c3 d6 8.Nbd2 O-O 
9.O-O Na5 10.Bc2 c5 11.Re1 Re8 12.Nf1 Bf8 13.h3 g6 14.Bd2 h6 15.N3h2 Bg7 
16.Ng4 Kh7 17.Nfe3 Be6 18.Qf3 h5 19.Nxf6+ Qxf6 20.Qe2 Rab8 21.Nd5 Bxd5 22.
exd5 Qh4 23.Qf3 f5 24.g4 Rf8 25.gxh5 gxh5 26.Kh1 Bh6 27.Bxh6 Kxh6 28.Rg1 
Qf4 29.Qxf4+ exf4 30.Rae1 Rbe8 31.Rxe8 Rxe8 32.b4 cxb4 33.cxb4 Re2 34.Bb1 
Nb7 35.Kg2 Nd8 36.Kf3 Re5 37.Rg8 Nf7 38.d4 Rxd5 39.Kxf4 Rxd4+ 40.Kxf5 Rd1 
41.Be4 d5 42.Bf3 Rd2 43.Rg6+ Kh7 44.Rg2 Nd6+ 45.Ke6 Ne4 46.Bxh5 Kh6 47.Bg4
Nc3 48.a3 d4 49.Bf3 d3 50.Kf7 Ne2 51.Rg6+ Kh7 52.Be4 Nc3 53.Bf5 Rxf2 54.
Rf6+ Rxf5 55.Rxf5 Kh6 56.Rf6+ Kg5 57.Rd6 Kh4 58.Rxd3 Ne2 59.Ke7 Ng1 60.Kd6
1-0

[Event "55th World U20 ch"]
[Site "Bhubaneswar IND"]
[Date "2016.08.20"]
[Round "12.33"]
[White "Subhayan, Kundu"]
[Black "Weerasinghe, C. C."]
[Result "1-0"]
[WhiteElo "2189"]
[BlackElo "1785"]
[EventDate "2016.08.08"]
[PlyCount "157"]

1.e4 c6 2.d4 d5 3.exd5 cxd5 4.c4 Nf6 5.Nc3 Nc6 6.Bg5 dxc4 7.d5 Ne5 8.Qd4 
h6 9.Bf4 Ng6 10.Bxc4 Nxf4 11.Qxf4 g5 12.Qe3 Bg7 13.Nf3 a6 14.O-O O-O 15.
Rad1 Bg4 16.Rfe1 b5 17.Bb3 Re8 18.h3 Bxf3 19.Qxf3 Qd6 20.Ne2 Nd7 21.Nd4 
Bxd4 22.Rxd4 Nf6 23.h4 Kg7 24.hxg5 hxg5 25.Qf5 Nh7 26.Rd3 Qg6 27.Qe5+ Qf6 
28.Qe2 Rad8 29.Rf3 Qd6 30.Rh3 Nf6 31.Rg3 Qf4 32.Rf3 Qd6 33.Rf5 Rh8 34.
Rxg5+ Kf8 35.g3 Rd7 36.Rc1 Rc7 37.Rc2 Qd7 38.Rxc7 Qxc7 39.Qc2 Qd7 40.Qf5 
Qc7 41.Bc2 Qa5 42.Qc8+ Ne8 43.Qc3 Qxc3 44.bxc3 Nd6 45.Kg2 Rh6 46.Bd3 f6 
47.Rg4 Rh5 48.Rd4 Re5 49.Kf1 Rh5 50.Ke2 Rh1 51.a4 Ra1 52.axb5 axb5 53.Rb4 
Ra2+ 54.Ke3 Ra3 55.Kd4 Ra2 56.f3 Rf2 57.Ke3 Ra2 58.Bxb5 Ra3 59.Kd3 Ra5 60.
Bc6 Ra3 61.Bd7 f5 62.Rf4 Ra5 63.c4 Kg7 64.Bxf5 Kf6 65.Be6+ Ke5 66.c5 Rxc5 
67.Rf8 Nb7 68.f4+ Kd6 69.g4 Ra5 70.Ke3 Ra4 71.g5 Ra3+ 72.Kf2 Nc5 73.Rd8+ 
Kc7 74.Rc8+ Kb6 75.Rc6+ Kb5 76.Rxc5+ Kxc5 77.g6 Ra2+ 78.Kf3 Ra1 79.g7 1-0

[Event "55th World U20 ch"]
[Site "Bhubaneswar IND"]
[Date "2016.08.20"]
[Round "12.34"]
[White "Dassanayake, D. M. G. S."]
[Black "Holleland, Sigve"]
[Result "1/2-1/2"]
[WhiteElo "1859"]
[BlackElo "2106"]
[EventDate "2016.08.08"]
[PlyCount "88"]

1.d4 Nf6 2.c4 g6 3.Nf3 Bg7 4.g3 c6 5.Bg2 d5 6.cxd5 Nxd5 7.O-O O-O 8.e3 Nd7
9.Qe2 e5 10.e4 Nc7 11.dxe5 Nxe5 12.Nxe5 Bxe5 13.Rd1 Qe7 14.Nc3 Be6 15.Be3 
Rfd8 16.h4 h5 17.Bf3 Ne8 18.Rxd8 Qxd8 19.Rd1 Qf6 20.Bg5 Qg7 21.Qc2 Nf6 22.
Na4 Nh7 23.Be3 g5 24.hxg5 Nxg5 25.Bxh5 Qh7 26.Bxg5 Qxh5 27.Bh4 Kh7 28.Kf1 
Qf3 29.Ke1 Bg4 30.Rd8 Rxd8 31.Bxd8 Bd4 32.Nc3 Qh1+ 33.Kd2 Bxf2 34.e5+ Kg8 
35.Qe4 Bf3 36.Qf4 Bc5 37.Qg5+ Kf8 38.e6 Qg2+ 39.Kc1 Qg1+ 40.Kc2 Qg2+ 41.
Kb3 Bd5+ 42.Nxd5 Qxd5+ 43.Qxd5 cxd5 44.exf7 Kxf7 1/2-1/2

[Event "55th World U20 ch"]
[Site "Bhubaneswar IND"]
[Date "2016.08.20"]
[Round "12.35"]
[White "Evangelista, Paul Robert"]
[Black "Nyamdorj, Davaaochir"]
[Result "1-0"]
[WhiteElo "2020"]
[BlackElo "2015"]
[EventDate "2016.08.08"]
[PlyCount "41"]

1.e4 e5 2.Bc4 Nf6 3.d3 c6 4.Nf3 d5 5.Bb3 Bb4+ 6.Bd2 Bd6 7.Nc3 dxe4 8.Ng5 
O-O 9.Ngxe4 Nxe4 10.Nxe4 Be7 11.Qh5 Nd7 12.O-O a5 13.a4 Bf6 14.Bg5 Qe7 15.
f4 Bxg5 16.fxg5 c5 17.Rf3 c4 18.Bxc4 b5 19.Rh3 h6 20.gxh6 Nf6 21.Qg6 1-0

[Event "55th World U20 ch"]
[Site "Bhubaneswar IND"]
[Date "2016.08.20"]
[Round "12.36"]
[White "Squella Lavin, Carlos Felipe"]
[Black "Seppala, Joni"]
[Result "1/2-1/2"]
[WhiteElo "2203"]
[BlackElo "1765"]
[EventDate "2016.08.08"]
[PlyCount "106"]

1.d4 Nf6 2.c4 g6 3.Nc3 Bg7 4.Nf3 O-O 5.g3 d6 6.Bg2 c6 7.O-O Qa5 8.h3 e5 9.
e4 Nbd7 10.Be3 exd4 11.Bxd4 Ne5 12.b3 a6 13.Ne1 Re8 14.g4 g5 15.Qd2 Ng6 
16.c5 dxc5 17.Qxg5 h6 18.Qxc5 Qxc5 19.Bxc5 Nxe4 20.Nxe4 Bxa1 21.Nd3 Bg7 
22.f4 Nh4 23.Bh1 f5 24.Nd6 Re2 25.g5 Be6 26.Bf2 Ng6 27.Nxb7 Bd5 28.Bxd5+ 
cxd5 29.Rd1 Rxa2 30.Nd6 Rb8 31.Nxf5 Rxb3 32.Nxg7 Kxg7 33.f5 hxg5 34.fxg6 
Kxg6 35.Bc5 a5 36.Nf2 Rg3+ 37.Kh2 Rf3 38.Kg2 Rf5 39.Kg3 a4 40.Rb1 Rf6 41.
Ng4 Re6 42.Rb7 Rc2 43.Bd4 Rd2 44.Rg7+ Kf5 45.Be3 Rd3 46.Kf3 Rexe3+ 47.
Nxe3+ Kf6 48.Ra7 d4 49.Ra6+ Ke5 50.Ra5+ Kd6 51.Ke4 Rxe3+ 52.Kxd4 Rxh3 53.
Rxg5 Rh4+ 1/2-1/2

[Event "55th World U20 ch"]
[Site "Bhubaneswar IND"]
[Date "2016.08.20"]
[Round "12.37"]
[White "Avik, Sarker"]
[Black "Palucha, Szymon"]
[Result "1-0"]
[WhiteElo "2000"]
[BlackElo "1932"]
[EventDate "2016.08.08"]
[PlyCount "97"]

1.e4 c5 2.c3 d5 3.exd5 Qxd5 4.d4 Nf6 5.Nf3 Bg4 6.Be2 e6 7.O-O Nc6 8.h3 Bh5
9.Be3 cxd4 10.cxd4 Be7 11.Nc3 Qd6 12.Qb3 O-O 13.Rfd1 Rfd8 14.Rac1 Nb4 15.
Nb5 Qd5 16.Qa4 Qxa2 17.Qxa2 Nxa2 18.Rc7 Rd7 19.Ra1 Nb4 20.g4 Rxc7 21.Nxc7 
Rc8 22.Rxa7 Rxc7 23.Ra8+ Bf8 24.Bf4 Rd7 25.gxh5 Nc6 26.h6 Nxd4 27.Nxd4 
Rxd4 28.Be5 Re4 29.Bd6 Nd7 30.Bb5 Rd4 31.Ba3 gxh6 32.Bxd7 Rxd7 33.Bxf8 f5 
34.Bxh6+ Kf7 35.Rb8 e5 36.Be3 Ke6 37.b4 Kd5 38.Bc5 Ke4 39.Re8 Rg7+ 40.Kf1 
f4 41.Re7 Rxe7 42.Bxe7 f3 43.Ke1 Kd3 44.Bc5 Kc2 45.b5 Kd3 46.b6 Kc2 47.Be3
h5 48.Bh6 e4 49.Bd2 1-0

[Event "55th World U20 ch"]
[Site "Bhubaneswar IND"]
[Date "2016.08.20"]
[Round "12.38"]
[White "Skettos, Nicolas"]
[Black "Barath Kalyan, M."]
[Result "0-1"]
[WhiteElo "1561"]
[BlackElo "2197"]
[EventDate "2016.08.08"]
[PlyCount "60"]

1.e4 c5 2.Nf3 e6 3.c3 Nf6 4.e5 Nd5 5.d4 cxd4 6.cxd4 Nc6 7.a3 d6 8.Be2 dxe5
9.dxe5 Qc7 10.Qc2 Nxe5 11.Qxc7 Nxf3+ 12.Bxf3 Nxc7 13.Bf4 Nb5 14.O-O Nd4 
15.Bd1 Bd7 16.Nc3 Be7 17.Ne4 O-O 18.Be5 Nf5 19.g4 Nh4 20.Bg3 Bc6 21.Bc2 
Nf3+ 22.Kg2 Nd4 23.Bd3 f5 24.gxf5 exf5 25.Be5 Rad8 26.Bc4+ Kh8 27.Rad1 
Bxe4+ 28.f3 Nxf3 29.Rxd8 Nxe5+ 30.Kh3 Rxd8 0-1